000 00471nam a22001577a 4500
999 _c511011
_d511011
008 190906b ||||| |||| 00| 0 eng d
100 _aHendriks, Carolyn M.
_99945
245 _aParticipatory adaptation in contemporary parliamentary committees in Australia
260 _c2019
300 _ap.267-289.
700 _aRegan, Sue
_99946
700 _aKay, Adrian
_99947
773 _aParliamentary Affairs
906 _aLegislative committees - Australia
942 _cAR